书目信息 |
| 题名: |
自助网络英语
|
|
| 作者: | 朱巧莲 编著 | |
| 分册: | ||
| 出版信息: | 上海 东华大学出版社 2005.01 |
|
| 页数: | 189页 | |
| 开本: | 19cm | |
| 丛书名: | 小身材大味道 | |
| 单 册: | ||
| 中图分类: | H319.9 | |
| 科图分类: | ||
| 主题词: | 计算机网络--英语--口语 | |
| 电子资源: | ||
| ISBN: | 7-81038-860-6 | |
| 000 | 00815nam 2200265 450 | |
| 001 | 0150985709 | |
| 005 | 20051012104950.45 | |
| 010 | @a7-81038-860-6@dCNY15.00 | |
| 100 | @a20050325d2005 km y0chiy0120 ea | |
| 101 | 0 | @achi@aeng |
| 102 | @aCN@b310000 | |
| 105 | @aa z 000yy | |
| 200 | 1 | @a自助网络英语@Azi zhu wang luo ying yu@f朱巧莲编著@Fzhu qiao lian bian zhu |
| 210 | @a上海@c东华大学出版社@d2005.01 | |
| 215 | @a189页@c图@d19cm | |
| 225 | 2 | @a小身材大味道 |
| 312 | @a并列题名取自封面。 | |
| 330 | @a本书是一本自助网络英语读物,内容新颖,主要介绍网络常见用语。 | |
| 410 | 0 | @12001 @a小身材大味道 |
| 510 | 1 | @aInternet English@zeng |
| 606 | 0 | @a计算机网络@x英语@x口语 |
| 690 | @aH319.9@v4 | |
| 701 | 0 | @a朱巧莲@Azhu qiao lian@4编著 |
| 801 | 0 | @aCN@bQSSK@c20051012 |
| 905 | @a10447@dH319.9@eZ863 | |
| 自助网络英语/朱巧莲编著.-上海:东华大学出版社,2005.01 |
| 189页:图;19cm.-(小身材大味道) |
| ISBN 7-81038-860-6:CNY15.00 |
| 本书是一本自助网络英语读物,内容新颖,主要介绍网络常见用语。 |
| ● |
| 相关链接 |
|
|
|
正题名:自助网络英语
索取号:H319.9/Z863
 
预约/预借
| 序号 | 登录号 | 条形码 | 馆藏地/架位号 | 状态 | 备注 |
| 1 | 566329 | 205663290 | 语言库209/209语言库 114排2列2层/ [索取号:H319.9/Z863] | 在馆 | |
| 2 | 566330 | 205663307 | 语言库209/209语言库 114排2列2层/ [索取号:H319.9/Z863] | 在馆 | |
| 3 | 566331 | 205663316 | 语言库209/209语言库 114排2列2层/ [索取号:H319.9/Z863] | 在馆 |